[Event "8. Autunno Veneziano Magistrale"]
[Site "Venezia"]
[Date "2001.11.04"]
[Round "5.8"]
[White "Gallo, Enrico"]
[Black "Doric, Darko"]
[Result "0-1"]
[WhiteElo "2160"]
[BlackElo "2250"]
[PlyCount "94"]
[EventDate "2001.11.01"]
[EventType "swiss"]
[EventRounds "6"]
[EventCountry "ITA"]
[SourceTitle "Inf 22"]

1. e4 c5 2. Nf3 d6 3. d4 cxd4 4. Nxd4 Nf6 5. Nc3 g6 6. Be3 Bg7 7. Be2 O-O 8. O-O Nc6 9. h3 Bd7 10. Nb3 a6 11. Qd2 b5 12. a3 Rc8 13. f4 Be6 14. Rad1 Na5 15. Nd4 Bc4 16. Kh1 Bxe2 17. Qxe2 Rxc3 18. bxc3 Nxe4 19. Qe1 Qc7 20. Rd3 d5 21. Bc1 e6 22. Qh4 Qd8 23. Qe1 Qe7 24. Ne2 Rc8 25. Be3 Nc4 26. Bd4 Qxa3 27. Bxg7 Kxg7 28. f5 exf5 29. Qh4 Qc5 30. Nf4 g5 31. Nh5+ Kg6 32. Rg3 h6 33. Rxf5 Nxg3+ 34. Qxg3 Kxf5 35. Qf3+ Ke6 36. Qf6+ Kd7 37. Qxf7+ Kc6 38. Nf6 Qd6 39. Ne8 Rxe8 40. Qxe8+ Kb6 41. Qh8 a5 42. Qd4+ Ka6 43. Qh8 a4 44. Qc8+ Kb6 45. Qh8 a3 46. Qd4+ Ka6 47. Qh8 Qc6 0-1

[Event "8. Autunno Veneziano Magistrale"]
[Site "Venezia"]
[Date "2001.11.04"]
[Round "5.9"]
[White "Ronchetti, Niccolo"]
[Black "Navarro, Stefano"]
[Result "0-1"]
[WhiteElo "1810"]
[BlackElo "2170"]
[PlyCount "106"]
[EventDate "2001.11.01"]
[EventType "swiss"]
[EventRounds "6"]
[EventCountry "ITA"]
[SourceTitle "Inf 22"]

1. e4 e5 2. Nf3 Nc6 3. Bb5 f5 4. Nc3 fxe4 5. Nxe4 d5 6. Nxe5 dxe4 7. Nxc6 Qg5 8. Qe2 Nf6 9. f4 Qxf4 10. d4 Qh4+ 11. g3 Qh3 12. Ne5+ c6 13. Bc4 Be6 14. Bg5 O-O-O 15. O-O-O Be7 16. Nf7 Bxf7 17. Bxf7 Qf5 18. Bxf6 Bxf6 19. Rhf1 Qd7 20. Bh5 Qe7 21. h4 g6 22. Bg4+ Kb8 23. Rfe1 Rhe8 24. Qe3 Bg7 25. Kb1 Qf8 26. Rf1 Bh6 27. Qb3 Qd6 28. Rf7 Re7 29. Rdf1 Rde8 30. Rxe7 Qxe7 31. c3 e3 32. Rf7 Qe4+ 33. Ka1 Qh1+ 34. Qd1 Qxd1+ 35. Bxd1 e2 36. Bxe2 Rxe2 37. a4 Bc1 38. Rxh7 Bxb2+ 39. Kb1 Bxc3 40. Rh6 Rb2+ 41. Kc1 Bd2+ 42. Kxb2 Bxh6 43. Kc3 Kc7 44. Kc4 Kd6 45. g4 b6 46. h5 gxh5 47. gxh5 a6 48. Kc3 Kd5 49. Kd3 Bg7 50. a5 b5 51. Ke3 Bxd4+ 52. Kf4 b4 53. h6 b3 0-1

[Event "8. Autunno Veneziano Magistrale"]
[Site "Venezia"]
[Date "2001.11.04"]
[Round "5.10"]
[White "Rossato, Armando"]
[Black "Scharrer, Patrick"]
[Result "0-1"]
[WhiteElo "2115"]
[BlackElo "2080"]
[PlyCount "92"]
[EventDate "2001.11.01"]
[EventType "swiss"]
[EventRounds "6"]
[EventCountry "ITA"]
[SourceTitle "Inf 22"]

1. d4 Nf6 2. Nc3 d5 3. e4 dxe4 4. f3 exf3 5. Nxf3 Bg4 6. h3 Bh5 7. g4 Bg6 8. Bc4 e6 9. O-O Be7 10. Be3 c6 11. Ne5 Nbd7 12. Nxg6 hxg6 13. Qf3 O-O 14. h4 Nb6 15. Bd3 Nbd5 16. g5 Nxe3 17. Qxe3 Nd5 18. Nxd5 Qxd5 19. Be4 Qd7 20. Rad1 Rad8 21. Qh3 Qc7 22. h5 gxh5 23. g6 f5 24. Bg2 h4 25. Qf3 Bg5 26. Qh5 Bh6 27. Qxh4 Rf6 28. Qh5 Qg3 29. Rf3 Qxg6 30. Qxg6 Rxg6 31. Rb3 Rd7 32. c4 Rg4 33. Re1 Rgxd4 34. Rxe6 Rd1+ 35. Bf1 Kf7 36. Re5 Kf6 37. Ra5 a6 38. Rf3 g6 39. b4 R7d4 40. b5 Rxc4 41. bxa6 bxa6 42. Rxa6 Rg4+ 43. Kf2 Rd2+ 44. Be2 Re4 45. Rxc6+ Kf7 46. Rc7+ Ke8 0-1

[Event "8. Autunno Veneziano Magistrale"]
[Site "Venezia"]
[Date "2001.11.04"]
[Round "5.11"]
[White "Danieli, Enrico"]
[Black "Galiazzo, Giuliano"]
[Result "1-0"]
[WhiteElo "2050"]
[BlackElo "1920"]
[PlyCount "45"]
[EventDate "2001.11.01"]
[EventType "swiss"]
[EventRounds "6"]
[EventCountry "ITA"]
[SourceTitle "Inf 22"]

1. d4 d5 2. c4 e6 3. Nc3 c6 4. cxd5 exd5 5. Nf3 Nf6 6. Bg5 Be7 7. e3 O-O 8. Qc2 Re8 9. Bd3 Nbd7 10. O-O b6 11. Ne5 Nxe5 12. dxe5 Nd7 13. Bxh7+ Kh8 14. Bxe7 Qxe7 15. f4 Nf8 16. Bf5 Bb7 17. Rf3 g6 18. Bd3 Kg7 19. Raf1 Qc5 20. f5 Rxe5 21. fxg6 Rxe3 22. Rxf7+ Kg8 23. Kh1 1-0

[Event "8. Autunno Veneziano Magistrale"]
[Site "Venezia"]
[Date "2001.11.04"]
[Round "5.12"]
[White "Ramesa, Davor"]
[Black "Forato, Piero"]
[Result "1-0"]
[WhiteElo "2125"]
[BlackElo "2015"]
[PlyCount "53"]
[EventDate "2001.11.01"]
[EventType "swiss"]
[EventRounds "6"]
[EventCountry "ITA"]
[SourceTitle "Inf 22"]

1. c4 g6 2. Nf3 Bg7 3. g3 Nf6 4. Bg2 O-O 5. O-O d6 6. d4 Nc6 7. Nc3 a6 8. d5 Na5 9. Qd3 c5 10. Rb1 b5 11. Nd2 Bd7 12. cxb5 axb5 13. b4 c4 14. Qc2 Nb7 15. a4 bxa4 16. Ba3 Rc8 17. Nf3 Qc7 18. Nd4 Nd8 19. b5 Qb6 20. Nc6 Bxc6 21. bxc6 Qd4 22. Bh3 Ng4 23. Nb5 Qxd5 24. Bxg4 f5 25. Bf3 Qf7 26. c7 Ne6 27. Bb7 1-0

[Event "8. Autunno Veneziano Magistrale"]
[Site "Venezia"]
[Date "2001.11.04"]
[Round "5.13"]
[White "Opacic, Alexandar"]
[Black "Rigo, Gianfrancesco"]
[Result "0-1"]
[WhiteElo "2110"]
[BlackElo "2110"]
[PlyCount "76"]
[EventDate "2001.11.01"]
[EventType "swiss"]
[EventRounds "6"]
[EventCountry "ITA"]
[SourceTitle "Inf 22"]

1. e4 e6 2. d4 d5 3. Nc3 Bb4 4. e5 c5 5. a3 Bxc3+ 6. bxc3 Ne7 7. Qg4 Qc7 8. Bd2 cxd4 9. cxd4 Qxc2 10. Rc1 Qe4+ 11. Qxe4 dxe4 12. Bb5+ Nbc6 13. Bb4 Bd7 14. Bd6 Nf5 15. Ne2 Nxe5 16. Bxd7+ Nxd7 17. Bb4 a5 18. Bd2 Ke7 19. h4 b6 20. g4 Nd6 21. Ng3 Rac8 22. O-O Nf6 23. Rb1 Nd5 24. Rfe1 Rc2 25. Re2 Rhc8 26. Be1 Rxe2 27. Nxe2 f5 28. g5 Rc2 29. Ng3 g6 30. Kg2 f4 31. Nf1 Nf5 32. Kh3 Nxd4 33. h5 Nf3 34. Kg4 Nxe1 35. Rxe1 Rxf2 36. hxg6 hxg6 37. Rc1 Rxf1 38. Rxf1 Ne3+ 0-1

[Event "8. Autunno Veneziano Magistrale"]
[Site "Venezia"]
[Date "2001.11.04"]
[Round "5.14"]
[White "Zotti, Enrico"]
[Black "Sikanjic, Bojan"]
[Result "0-1"]
[WhiteElo "2080"]
[BlackElo "2070"]
[PlyCount "105"]
[EventDate "2001.11.01"]
[EventType "swiss"]
[EventRounds "6"]
[EventCountry "ITA"]
[SourceTitle "Inf 22"]

1. e4 c5 2. Nf3 Nc6 3. c3 d5 4. exd5 Qxd5 5. d4 Bg4 6. Be2 e6 7. O-O Nf6 8. Be3 cxd4 9. cxd4 Be7 10. Nc3 Qd6 11. Nb5 Qd8 12. Ne5 Bxe2 13. Qxe2 Nb4 14. Rac1 Nbd5 15. Rc4 a6 16. Nc3 O-O 17. Nxd5 Nxd5 18. Rfc1 Qa5 19. a3 Rfd8 20. Qc2 Bd6 21. Bd2 Qb5 22. b4 h6 23. a4 Qe8 24. a5 b5 25. axb6 Nxb6 26. Rc6 Rac8 27. Rxc8 Rxc8 28. Nc6 Rc7 29. b5 axb5 30. Ba5 Rb7 31. Qe4 Nd5 32. Bb4 Nxb4 33. Nxb4 Rc7 34. Rxc7 Bxc7 35. d5 Qd7 36. g3 exd5 37. Nxd5 Bd8 38. Kg2 Kh8 39. f4 Qc6 40. Kf3 Ba5 41. Ne3 Qxe4+ 42. Kxe4 Kh7 43. Kd5 Bd2 44. Nc2 Kg6 45. h3 b4 46. Kc4 Kf5 47. Nd4+ Ke4 48. f5 Bc3 49. Nc6 Kxf5 50. Ne7+ Ke4 51. g4 Kf3 52. Nf5 Kf4 53. Nd6 0-1

[Event "8. Autunno Veneziano Magistrale"]
[Site "Venezia"]
[Date "2001.11.04"]
[Round "5.15"]
[White "Viola, Matteo"]
[Black "Ruzzier, Dario"]
[Result "1-0"]
[WhiteElo "1915"]
[BlackElo "2065"]
[PlyCount "81"]
[EventDate "2001.11.01"]
[EventType "swiss"]
[EventRounds "6"]
[EventCountry "ITA"]
[SourceTitle "Inf 22"]

1. e4 e5 2. d4 exd4 3. Nf3 Nc6 4. c3 Bc5 5. Bc4 d6 6. b4 Bb6 7. Qb3 Qf6 8. a4 a6 9. a5 Ba7 10. b5 Ne5 11. Nxd4 axb5 12. Bxb5+ c6 13. Be2 Ne7 14. O-O O-O 15. Kh1 Ng4 16. Bxg4 Bxg4 17. Be3 c5 18. Nc2 Be2 19. Re1 c4 20. Qb2 Bd3 21. Bxa7 Rxa7 22. Nb4 Qe5 23. Nxd3 cxd3 24. Qd2 Qc5 25. f3 Rfa8 26. Qxd3 Rxa5 27. Rxa5 Rxa5 28. Qd4 Ra1 29. Qxc5 dxc5 30. Rd1 Nc6 31. Kg1 Kf8 32. Kf2 Ne5 33. Rd5 f6 34. Nd2 Rc1 35. Rd8+ Ke7 36. Rb8 Rxc3 37. Rxb7+ Nd7 38. Ke2 Kd6 39. e5+ Kc6 40. e6 Kxb7 41. e7 1-0

[Event "8. Autunno Veneziano Magistrale"]
[Site "Venezia"]
[Date "2001.11.04"]
[Round "5.16"]
[White "Tomba, Ivan"]
[Black "Pesco, Giuseppe"]
[Result "1-0"]
[WhiteElo "2105"]
[BlackElo "1940"]
[PlyCount "159"]
[EventDate "2001.11.01"]
[EventType "swiss"]
[EventRounds "6"]
[EventCountry "ITA"]
[SourceTitle "Inf 22"]

1. e4 d6 2. d4 Nf6 3. Nc3 g6 4. f4 Bg7 5. Nf3 c5 6. Bb5+ Bd7 7. e5 Ng4 8. e6 Bxb5 9. exf7+ Kd7 10. Nxb5 Qa5+ 11. Nc3 cxd4 12. Nxd4 Bxd4 13. Qxd4 Nc6 14. Qd1 Qh5 15. Qf3 Raf8 16. Bd2 Nf6 17. Qxh5 Nxh5 18. O-O-O Rxf7 19. g3 Nf6 20. Rde1 h5 21. Ne4 Nxe4 22. Rxe4 h4 23. g4 Rhf8 24. Rhe1 e5 25. fxe5 Nxe5 26. Bh6 Rc8 27. Rd1 Rf2 28. c3 Nc4 29. Bf4 Rc6 30. Red4 Ke6 31. b3 Ne5 32. Kb1 Re2 33. c4 Ra6 34. R1d2 Rxd2 35. Bxd2 Rc6 36. h3 Rc8 37. Bg5 Rh8 38. Kc2 Kd7 39. Bf6 Re8 40. c5 Nf7 41. cxd6 Nxd6 42. Bxh4 Kc6 43. Kd3 Nf7 44. Bg3 g5 45. Rc4+ Kd7 46. Rc7+ Ke6 47. h4 gxh4 48. Bxh4 Ne5+ 49. Ke4 Nxg4 50. Rxb7 Nf6+ 51. Bxf6 Kxf6+ 52. Kd4 Ra8 53. Kc5 Ke6 54. a4 a5 55. Kb5 Kd6 56. Kb6 Kd5 57. Rd7+ Ke6 58. Rd3 Ke5 59. Kb5 Ke6 60. Kc6 Rb8 61. Re3+ Kf5 62. Kc7 Rb4 63. Kd6 Kf4 64. Rc3 Kf5 65. Rc5+ Kf6 66. Rb5 Rd4+ 67. Kc5 Rd3 68. Kb6 Ke6 69. Kxa5 Kd6 70. b4 Kc6 71. Rc5+ Kb7 72. Kb5 Rd6 73. a5 Rd7 74. a6+ Ka7 75. Ka5 Rd1 76. Rc7+ Kb8 77. Kb6 Rd6+ 78. Rc6 Rd7 79. a7+ Rxa7 80. Rc8+ 1-0

[Event "8. Autunno Veneziano Magistrale"]
[Site "Venezia"]
[Date "2001.11.04"]
[Round "6.1"]
[White "Drazic, Sinisa"]
[Black "Mufic, Goran"]
[Result "1/2-1/2"]
[WhiteElo "2470"]
[BlackElo "2370"]
[PlyCount "142"]
[EventDate "2001.11.01"]
[EventType "swiss"]
[EventRounds "6"]
[EventCountry "ITA"]
[SourceTitle "Inf 22"]

1. e4 e6 2. Qe2 c5 3. Nf3 Nc6 4. g3 Nf6 5. e5 Nd5 6. Bg2 d6 7. c3 Be7 8. exd6 Qxd6 9. Na3 O-O 10. O-O Bf6 11. Re1 b6 12. Nc4 Qc7 13. d3 Bb7 14. Ng5 Bxg5 15. Bxg5 Nce7 16. Rad1 Nf5 17. Bc1 Rad8 18. h4 h6 19. Ne5 Nf6 20. Bh3 Ba8 21. Kh2 Nd7 22. Nf3 Qb7 23. Nd2 Nf6 24. Ne4 Qe7 25. Rg1 c4 26. Nxf6+ Qxf6 27. dxc4 Rxd1 28. Rxd1 Nxh4 29. Qe3 Nf3+ 30. Kh1 Rd8 31. Rf1 Nd2+ 32. Kh2 Nxf1+ 33. Bxf1 Qf3 34. Qxf3 Bxf3 35. Be3 Rd1 36. Bg2 Bxg2 37. Kxg2 Rb1 38. b3 Rb2 39. c5 bxc5 40. Bxc5 Rxa2 41. b4 e5 42. Kf3 f5 43. Bd6 e4+ 44. Ke3 Kf7 45. c4 Ke6 46. Bf8 Kf6 47. Bc5 g5 48. b5 Ke6 49. Kd4 Rd2+ 50. Kc3 Ra2 51. Kb3 Ra1 52. Bd4 Rb1+ 53. Kc2 Rf1 54. Bxa7 f4 55. gxf4 gxf4 56. b6 e3 57. b7 e2 58. b8=Q e1=Q 59. Qe8+ Kf6 60. Qf8+ Kg5 61. Qg7+ Kh5 62. Qf7+ Kg5 63. Qg7+ Kh5 64. Qf7+ Kg5 65. Qg7+ Kh5 66. Qf7+ Kg5 67. Qg7+ Kh5 68. Qf7+ Kg5 69. Qg7+ Kh5 70. Qf7+ Kg5 71. Qg7+ Kh5 1/2-1/2

[Event "8. Autunno Veneziano Magistrale"]
[Site "Venezia"]
[Date "2001.11.04"]
[Round "6.2"]
[White "Genocchio, Daniele"]
[Black "Klovans, Janis"]
[Result "1/2-1/2"]
[WhiteElo "2325"]
[BlackElo "2420"]
[PlyCount "70"]
[EventDate "2001.11.01"]
[EventType "swiss"]
[EventRounds "6"]
[EventCountry "ITA"]
[SourceTitle "Inf 22"]

1. e4 e5 2. Nf3 Nc6 3. Bb5 a6 4. Ba4 d6 5. d4 b5 6. Bb3 Nxd4 7. Nxd4 exd4 8. Bd5 Rb8 9. Bc6+ Bd7 10. Bxd7+ Qxd7 11. Qxd4 Nf6 12. O-O Be7 13. Nc3 O-O 14. Bf4 Rfe8 15. Rad1 b4 16. Ne2 Qe6 17. Ng3 Nd7 18. b3 Bf6 19. Qa7 Rec8 20. Qe3 Rb7 21. Qe1 Re8 22. Bd2 a5 23. c3 Nc5 24. f3 bxc3 25. Bxc3 Bxc3 26. Qxc3 g6 27. Ne2 Rb4 28. Rd5 Nxe4 29. fxe4 Rxe4 30. Rd2 Rxe2 31. Rxe2 Qxe2 32. Qxc7 Qe3+ 33. Rf2 Qe1+ 34. Rf1 Qe3+ 35. Rf2 Qe1+ 1/2-1/2

[Event "8. Autunno Veneziano Magistrale"]
[Site "Venezia"]
[Date "2001.11.04"]
[Round "6.4"]
[White "Zanin, Dario"]
[Black "Artizzu, Giulio"]
[Result "0-1"]
[WhiteElo "2025"]
[BlackElo "2105"]
[PlyCount "72"]
[EventDate "2001.11.01"]
[EventType "swiss"]
[EventRounds "6"]
[EventCountry "ITA"]
[SourceTitle "Inf 22"]

1. e4 c5 2. Nf3 d6 3. d4 cxd4 4. Nxd4 Nf6 5. Nc3 a6 6. Be2 e6 7. O-O Be7 8. Be3 O-O 9. f4 Qc7 10. Bf3 Nc6 11. g4 Nxd4 12. Bxd4 e5 13. Be3 exf4 14. Bxf4 Be6 15. Kh1 Rac8 16. g5 Nd7 17. Bg2 b5 18. a3 Nb6 19. Qh5 Qc5 20. Rad1 Rfe8 21. Rd3 g6 22. Qh4 h5 23. Be3 Qc7 24. Bd4 Bc4 25. Qf2 Nd7 26. b3 Be6 27. Bh3 Rf8 28. Bf6 Bxf6 29. gxf6 Ne5 30. Qf4 Kh7 31. Bxe6 Nxd3 32. cxd3 fxe6 33. Ne2 Qc2 34. Ng3 Qxd3 35. Rg1 e5 36. Qh4 Qf3+ 0-1

[Event "8. Autunno Veneziano Magistrale"]
[Site "Venezia"]
[Date "2001.11.04"]
[Round "6.5"]
[White "Doric, Darko"]
[Black "Navarro, Stefano"]
[Result "1/2-1/2"]
[WhiteElo "2250"]
[BlackElo "2170"]
[PlyCount "29"]
[EventDate "2001.11.01"]
[EventType "swiss"]
[EventRounds "6"]
[EventCountry "ITA"]
[SourceTitle "Inf 22"]

1. d4 d5 2. c4 e6 3. Nc3 c6 4. Nf3 Nf6 5. cxd5 exd5 6. Bg5 Bb4 7. Qb3 Be7 8. e3 Ne4 9. Bxe7 Qxe7 10. Bd3 Nd7 11. Qc2 f5 12. O-O-O O-O 13. Rhf1 Rb8 14. Nd2 Qh4 15. Nf3 1/2-1/2

[Event "8. Autunno Veneziano Magistrale"]
[Site "Venezia"]
[Date "2001.11.04"]
[Round "6.6"]
[White "Scharrer, Patrick"]
[Black "Pietrobon, Fabio"]
[Result "0-1"]
[WhiteElo "2080"]
[BlackElo "1920"]
[PlyCount "68"]
[EventDate "2001.11.01"]
[EventType "swiss"]
[EventRounds "6"]
[EventCountry "ITA"]
[SourceTitle "Inf 22"]

1. e4 c5 2. Nf3 d6 3. d4 cxd4 4. Nxd4 Nf6 5. Nc3 e6 6. Be3 Be7 7. f3 Nc6 8. Qd2 O-O 9. g4 Nd7 10. O-O-O a6 11. h4 Nxd4 12. Bxd4 b5 13. Bd3 Ne5 14. Qf2 Nc4 15. Bxc4 bxc4 16. g5 Rb8 17. Kb1 Qa5 18. Ka1 Bd7 19. Ne2 d5 20. Ng3 Rfc8 21. c3 Ba4 22. Ne2 Bb3 23. Nc1 Bxd1 24. Rxd1 Bc5 25. e5 Rc6 26. Ne2 Rcb6 27. Rd2 Bxd4 28. Qxd4 R6b7 29. a3 Qb6 30. Qf4 Qf2 31. Nd4 Qe1+ 32. Ka2 Qc1 33. Qh2 Rb3 34. Rc2 Rxa3+ 0-1

[Event "8. Autunno Veneziano Magistrale"]
[Site "Venezia"]
[Date "2001.11.04"]
[Round "6.7"]
[White "Cristiani, Cesare"]
[Black "Danieli, Enrico"]
[Result "1/2-1/2"]
[WhiteElo "2100"]
[BlackElo "2050"]
[PlyCount "39"]
[EventDate "2001.11.01"]
[EventType "swiss"]
[EventRounds "6"]
[EventCountry "ITA"]
[SourceTitle "Inf 22"]

1. d4 Nf6 2. c4 e6 3. Nf3 d5 4. e3 dxc4 5. Bxc4 c5 6. O-O Nc6 7. Nc3 Be7 8. dxc5 Qxd1 9. Rxd1 Bxc5 10. a3 Ke7 11. b4 Bd6 12. Bb2 Ne5 13. Be2 Bd7 14. Rac1 Rac8 15. Nxe5 Bxe5 16. Nd5+ Nxd5 17. Bxe5 f6 18. Bd4 b6 19. Ba6 Rxc1 20. Rxc1 1/2-1/2

[Event "8. Autunno Veneziano Magistrale"]
[Site "Venezia"]
[Date "2001.11.04"]
[Round "6.8"]
[White "Faccia, Sergio"]
[Black "Vianello, Enrico"]
[Result "1-0"]
[WhiteElo "2025"]
[BlackElo "2140"]
[PlyCount "45"]
[EventDate "2001.11.01"]
[EventType "swiss"]
[EventRounds "6"]
[EventCountry "ITA"]
[SourceTitle "Inf 22"]

1. e4 c5 2. b4 cxb4 3. Bb2 Nc6 4. d4 d5 5. exd5 Qxd5 6. c4 bxc3 7. Nxc3 Qa5 8. d5 Nb8 9. Nf3 Nf6 10. Bc4 g6 11. O-O Bg7 12. d6 O-O 13. dxe7 Re8 14. Re1 Qb4 15. Nd5 Nxd5 16. Qxd5 Rxe7 17. Qd8+ Bf8 18. Rxe7 Qxb2 19. Bxf7+ Kg7 20. Be6+ Bxe7 21. Qxe7+ Kh6 22. Qf8+ Qg7 23. Qxg7+ 1-0

[Event "8. Autunno Veneziano Magistrale"]
[Site "Venezia"]
[Date "2001.11.04"]
[Round "6.9"]
[White "Lain, Luigi"]
[Black "Ramesa, Davor"]
[Result "1/2-1/2"]
[WhiteElo "1905"]
[BlackElo "2125"]
[PlyCount "132"]
[EventDate "2001.11.01"]
[EventType "swiss"]
[EventRounds "6"]
[EventCountry "ITA"]
[SourceTitle "Inf 22"]

1. d4 Nf6 2. c4 g6 3. Nc3 Bg7 4. e4 d6 5. f3 O-O 6. Be3 e5 7. d5 c6 8. Qd2 cxd5 9. cxd5 a6 10. Bd3 Nbd7 11. Nge2 b5 12. Ng3 Nb6 13. h4 Bd7 14. h5 Rc8 15. hxg6 fxg6 16. O-O Nc4 17. Bxc4 Rxc4 18. Rac1 Qa5 19. a3 b4 20. Na2 Rfc8 21. Nxb4 Qb5 22. Rxc4 Rxc4 23. Rc1 h5 24. Rxc4 Qxc4 25. Qd3 Qxd3 26. Nxd3 Ne8 27. Nf1 Bf6 28. Nd2 Bb5 29. Nb4 Bh4 30. Nc6 Kf7 31. Nf1 Be1 32. Bf2 Bxf2+ 33. Kxf2 Nf6 34. Nd2 g5 35. b3 Ke8 36. a4 Bxc6 37. dxc6 Kd8 38. b4 Kc7 39. b5 axb5 40. axb5 h4 41. Nc4 d5 42. exd5 Nxd5 43. Nxe5 Kb6 44. Nf7 Kxb5 45. Nxg5 Kxc6 46. Nh3 Kd6 47. Ke2 Ke5 48. Ng5 Kf4 49. Ne4 Ne7 50. Kf2 Nf5 51. Nc5 Ke5 52. Kg1 Kf4 53. Ne6+ Kg3 54. Ng5 Kf4 55. Nh3+ Kg3 56. Nf2 Nd4 57. Ne4+ Kf4 58. Kf2 Nf5 59. Nc5 Ke5 60. Kg1 Kf4 61. Kh2 Nd4 62. Nd3+ Ke3 63. Ne5 Kf4 64. Ng6+ Kg5 65. Ne7 Kf4 66. Nd5+ Ke5 1/2-1/2

[Event "8. Autunno Veneziano Magistrale"]
[Site "Venezia"]
[Date "2001.11.04"]
[Round "6.11"]
[White "Ronchetti, Niccolo"]
[Black "Gallo, Enrico"]
[Result "1-0"]
[WhiteElo "1810"]
[BlackElo "2160"]
[PlyCount "89"]
[EventDate "2001.11.01"]
[EventType "swiss"]
[EventRounds "6"]
[EventCountry "ITA"]
[SourceTitle "Inf 22"]

1. e4 c5 2. Nc3 e6 3. g3 d5 4. d3 d4 5. Nce2 Nc6 6. Bg2 Be7 7. f4 Nf6 8. Nf3 Bd7 9. h3 h5 10. Bd2 Qb6 11. Qc1 O-O-O 12. a3 Kb8 13. Rb1 Rc8 14. b3 Nh7 15. Qb2 f6 16. b4 cxb4 17. axb4 e5 18. b5 Nd8 19. fxe5 fxe5 20. Nxe5 Be8 21. Nc4 Rxc4 22. dxc4 Ne6 23. Nf4 Nxf4 24. Bxf4+ Bd6 25. O-O Bg6 26. Kh2 Re8 27. Rbd1 Bxf4 28. Rxf4 Nf8 29. c3 Ne6 30. Rff1 dxc3 31. Qxc3 Qc7 32. h4 Nc5 33. e5 Nd7 34. e6 Ne5 35. Bd5 Ng4+ 36. Kh3 Qc5 37. Qd4 Qxd4 38. Rxd4 Ne3 39. Rff4 Bf5+ 40. Kh2 Ng4+ 41. Kg1 Bxe6 42. Rde4 Bd7 43. Rxe8+ Bxe8 44. Rf8 Nf6 45. Bf7 1-0

[Event "8. Autunno Veneziano Magistrale"]
[Site "Venezia"]
[Date "2001.11.04"]
[Round "6.12"]
[White "Sikanjic, Bojan"]
[Black "Viola, Matteo"]
[Result "1-0"]
[WhiteElo "2070"]
[BlackElo "1915"]
[PlyCount "69"]
[EventDate "2001.11.01"]
[EventType "swiss"]
[EventRounds "6"]
[EventCountry "ITA"]
[SourceTitle "Inf 22"]

1. c4 f5 2. Nc3 Nf6 3. g3 g6 4. Bg2 Bg7 5. Nf3 d6 6. O-O e5 7. d3 O-O 8. Rb1 Nc6 9. b4 h6 10. b5 Ne7 11. a4 g5 12. Ba3 f4 13. c5 fxg3 14. hxg3 Ng4 15. cxd6 cxd6 16. Qb3+ Kh8 17. Qb4 Qe8 18. Qxd6 Qh5 19. Rfc1 Nf5 20. Qd5 Re8 21. Ne4 Nd4 22. Rb2 Nxf3+ 23. Bxf3 Qh2+ 24. Kf1 h5 25. Ke1 Nxf2 26. Nxf2 Qg1+ 27. Kd2 Qxf2 28. Qf7 Bg4 29. Rc7 Rg8 30. Bxg4 Qxf7 31. Rxf7 hxg4 32. Rxb7 Kh7 33. Rc2 Rad8 34. Rcc7 e4 35. Bb2 1-0

[Event "8. Autunno Veneziano Magistrale"]
[Site "Venezia"]
[Date "2001.11.04"]
[Round "6.14"]
[White "Forato, Piero"]
[Black "Opacic, Alexandar"]
[Result "0-1"]
[WhiteElo "2015"]
[BlackElo "2110"]
[PlyCount "88"]
[EventDate "2001.11.01"]
[EventType "swiss"]
[EventRounds "6"]
[EventCountry "ITA"]
[SourceTitle "Inf 22"]

1. e4 e5 2. Nf3 Nc6 3. Bb5 a6 4. Ba4 Nf6 5. O-O b5 6. Bb3 Be7 7. Re1 O-O 8. c3 d6 9. h3 Na5 10. Bc2 c5 11. d4 Nc6 12. Be3 Qc7 13. d5 Na5 14. b3 Ne8 15. g4 g6 16. Bh6 Ng7 17. Kh1 Nb7 18. Nbd2 Nd8 19. Rg1 f6 20. Nf1 Nf7 21. Be3 Kh8 22. Ng3 Ng5 23. Nxg5 fxg5 24. Qd2 h6 25. Rg2 Rf7 26. Rh2 Kg8 27. Rg1 Bd7 28. Ne2 c4 29. h4 cxb3 30. axb3 Qc8 31. hxg5 Bxg4 32. Rg3 Nh5 33. gxh6 Nxg3+ 34. Nxg3 Bf3+ 35. Kg1 Kh7 36. Bd3 Qd7 37. Bf1 a5 38. Bg5 a4 39. Bh3 Qd8 40. Bxe7 Qxe7 41. bxa4 bxa4 42. Be6 Rff8 43. Nf5 gxf5 44. Bxf5+ Kh8 0-1

[Event "8. Autunno Veneziano Magistrale"]
[Site "Venezia"]
[Date "2001.11.04"]
[Round "6.15"]
[White "Zotti, Enrico"]
[Black "Tomba, Ivan"]
[Result "0-1"]
[WhiteElo "2080"]
[BlackElo "2105"]
[PlyCount "40"]
[EventDate "2001.11.01"]
[EventType "swiss"]
[EventRounds "6"]
[EventCountry "ITA"]
[SourceTitle "Inf 22"]

1. e4 c5 2. Nf3 d6 3. d4 cxd4 4. Nxd4 Nf6 5. Nc3 a6 6. f4 e6 7. Bd3 b5 8. a3 Bb7 9. O-O Nbd7 10. Kh1 Rc8 11. Qe1 Nc5 12. b4 Nxd3 13. cxd3 g6 14. Bb2 Bg7 15. Nce2 O-O 16. Ng3 Re8 17. e5 dxe5 18. fxe5 Ng4 19. Rd1 Qh4 20. h3 Qxh3+ 0-1

[Event "8. Autunno Veneziano Magistrale"]
[Site "Venezia"]
[Date "2001.11.04"]
[Round "6.16"]
[White "Pesco, Giuseppe"]
[Black "Ruzzier, Dario"]
[Result "1-0"]
[WhiteElo "1940"]
[BlackElo "2065"]
[PlyCount "75"]
[EventDate "2001.11.01"]
[EventType "swiss"]
[EventRounds "6"]
[EventCountry "ITA"]
[SourceTitle "Inf 22"]

1. Nf3 d5 2. g3 Nf6 3. Bg2 e6 4. O-O Be7 5. c4 O-O 6. b3 c5 7. cxd5 exd5 8. Bb2 Nc6 9. d4 Be6 10. Nc3 Re8 11. e3 a6 12. Ng5 Bg4 13. Qd2 cxd4 14. exd4 Bb4 15. Rfe1 h6 16. Nh3 Qd7 17. Nf4 Rac8 18. a3 Bxc3 19. Bxc3 Ne7 20. Bb2 Bf5 21. Rac1 Ne4 22. Qd1 Qb5 23. f3 Rxc1 24. Qxc1 Nf6 25. Qd1 g5 26. Bf1 Qc6 27. Nd3 Qc8 28. Ne5 Bc2 29. Qd2 Bxb3 30. Rc1 Nc6 31. g4 Qe6 32. h4 Nh7 33. Bd3 gxh4 34. Bf5 Qf6 35. Qd3 Bc4 36. Bxh7+ Kh8 37. Qf5 Nxe5 38. Qxf6+ 1-0

[Event "4. Open. Int. (tot.)"]
[Site "Padova  Fornace Carotta"]
[Date "2001.12.15"]
[Round "1.9"]
[White "Zavagli, Massimo"]
[Black "Viola, Matteo"]
[Result "0-1"]
[WhiteElo "1561"]
[BlackElo "1916"]
[Annotator "Gabriele Ballarin"]
[PlyCount "91"]
[EventDate "2001.12.15"]
[EventType "swiss"]
[EventRounds "6"]
[EventCountry "ITA"]

{[%evp 0,90,29,23,58,56,49,-2,29,-27,11,0,22,-17,-32,-36,13,-7,23,-31,-36,-57,-66,-56,-48,-52,-48,-141,-8,-22,-10,-79,-89,-76,-78,-130,-117,-136,-98,-82,-97,-95,-100,-102,-102,-79,-80,-67,-58,-104,-118,-134,-105,-134,-112,-138,-123,-171,-170,-181,-181,-170,-173,-205,-220,-191,-208,-201,-209,-208,-225,-220,-194,-199,-199,-219,-194,-250,-253,-261,-228,-214,-237,-292,-303,-380,-376,-410,-291,-480,-944,-1001,-541]} 1. d4 c5 2. Nf3 cxd4 3. Nxd4 Nc6 4. c4 g6 5. g3 Bg7 6. Nf3 d6 7. Bg2 Qb6 8. Nc3 Qb4 9. Bd2 Qxc4 10. O-O Nf6 11. Rc1 Bg4 12. h3 Bd7 13. Ne5 Qe6 14. Nxd7 Qxd7 15. b4 Nxb4 16. Qb3 Nc6 17. Nd5 Nxd5 18. Bxd5 e6 19. Qxb7 Qxb7 20. Bxc6+ Qxc6 21. Rxc6 Kd7 22. Ra6 Rhc8 23. Rb1 Bd4 24. Ba5 Rab8 25. Rd1 Bc5 26. Bd2 Rc6 27. Ra4 e5 28. e4 Rb2 29. Be3 Bxe3 30. fxe3 a6 31. Ra5 Ke6 32. g4 Rb4 33. Kf2 Rxe4 34. Rb1 Rec4 35. Rb8 h5 36. gxh5 gxh5 37. Rh8 h4 38. Rh6+ f6 39. Ra3 Rb6 40. Kf3 Rb2 41. Rxa6 Rh2 42. Ra8 Rxh3+ 43. Ke2 Rc3 44. a4 Rcxe3+ 45. Kf2 Rhf3+ 46. Kg1 0-1